Statistics for WWF/WWE broadcasters

Click here to take the quiz!

General Stats

  • This quiz has been taken 260 times
    (89 since last reset)
  • The average score is 27 of 82

Answer Stats

Answer% Correct
Jim Ross
100%
Vince McMahon
96%
Jerry "The King" Lawler
94%
Michael Cole
90%
Bobby "The Brain" Heenan
83%
Shane McMahon
83%
Gorilla Monsoon
81%
Jesse "The Body" Ventura
77%
Corey Graves
75%
"Macho Man" Randy Savage
75%
Booker T
71%
John Bradshaw Layfield
63%
"Rowdy" Roddy Piper
58%
Tazz
58%
Paul Heyman
56%
Byron Saxton
48%
Mr. Perfect
48%
Wade Barrett
48%
Beth Phoenix
46%
Renee Young
46%
CM Punk
44%
Gene Okerlund
44%
Jonathan Coachman
44%
Dok Hendrix
42%
Lord Alfred Hayes
42%
Shawn Michaels
42%
"Superstar" Billy Graham
42%
Ted Dibiase
42%
Bruno Sammartino
40%
Dick Graham
40%
Jim Cornette
40%
Tony Schiavone
40%
Mike Adamle
38%
Pat McAfee
38%
Joey Styles
35%
Jimmy Smith
33%
Josh Mathews
31%
Sean Mooney
31%
Mick Foley
29%
Samoa Joe
29%
William Regal
27%
Matt Striker
25%
Todd Pettengill
25%
Lita
23%
The Honkytonk Man
23%
Carlos Cabrera
21%
David Otunga
21%
Dio Maddin
21%
Jim Neidhart
21%
Mauro Ranallo
21%
Ray Rougeau
21%
Hugo Savinovich
19%
Todd Grisham
19%
Vic Joseph
19%
Freddie Blassie
17%
Kevin Kelly
17%
Rob Bartlett
17%
Cathy Kelley
15%
Craig DeGeorge
15%
Daniel Bryan
15%
Alex Riley
13%
Nigel McGuinness
13%
Scott Stanford
13%
Percy Watson
10%
Sho Funaki
10%
Tom Phillips
10%
Hillbilly Jim
8%
Stan Lane
8%
Joe Fowler
6%
Johnny Polo
6%
Adnan Virk
4%
Charley Caruso
4%
Charlie Minn
4%
Jason Albert
4%
Rich Brennan
4%
Tony Dawson
4%
Austin Aries
2%
Jack Korpela
2%
Kal Rudman
2%
Kyle Edwards
2%
Stephanie Wiand
2%
The Duke of Dorchester
0%

Score Distribution

Percentile by Number Answered

Percent of People with Each Score

Your Score History

You have not taken this quiz since the last reset